[Event "30th Klatovy C 2024"]
[Site "Klatovy CZE"]
[Date "2024.07.01"]
[Round "3.9"]
[White "Vachal, Josef"]
[Black "Turner, Radek"]
[Result "1/2-1/2"]
[WhiteElo "1858"]
[BlackElo "2012"]
[PlyCount "64"]
[EventDate "2024.06.29"]
[EventType "swiss"]
[EventRounds "9"]
[EventCountry "CZE"]

1. e4 {[%emt 0:00:03]} d5 {[%emt 0:02:14]} 2. exd5 {[%emt 0:00:24]} Qxd5 {[%emt 0:00:10]} 3. d4 {[%emt 0:01:05]} Nc6 {[%emt 0:00:35]} 4. Be3 {[%emt 0:03:07]} e5 {[%emt 0:10:16]} 5. Nc3 {[%emt 0:01:27]} Bb4 {[%emt 0:01:05]} 6. a3 {[%emt 0:06:30]} Bxc3+ {[%emt 0:01:57]} 7. bxc3 {[%emt 0:00:10]} exd4 {[%emt 0:05:43]} 8. cxd4 {[%emt 0:00:41]} Nf6 {[%emt 0:01:48]} 9. Nf3 {[%emt 0:16:12]} Ng4 {[%emt 0:06:55]} 10. Bf4 {[%emt 0:05:27]} O-O {[%emt 0:03:37]} 11. Be2 {[%emt 0:12:11]} Qd7 {[%emt 0:06:00]} 12. O-O {[%emt 0:02:30]} Ne7 {[%emt 0:02:38]} 13. h3 {[%emt 0:06:10]} Ng6 {[%emt 0:00:23]} 14. Bg3 {[%emt 0:03:23]} Nf6 {[%emt 0:00:18]} 15. Bd3 {[%emt 0:02:36]} Nd5 {[%emt 0:04:19]} 16. Qd2 {[%emt 0:00:44]} Nde7 {[%emt 0:02:58]} 17. Rfe1 {[%emt 0:02:26]} c6 {[%emt 0:01:48]} 18. c3 {[%emt 0:03:00]} b6 {[%emt 0:04:07]} 19. Re2 {[%emt 0:01:19]} Nf5 {[%emt 0:04:25]} 20. Bh2 {[%emt 0:00:42]} a5 {[%emt 0:03:11]} 21. Ne5 {[%emt 0:07:05]} Nxe5 {[%emt 0:01:55]} 22. Rxe5 {[%emt 0:00:20]} Ne7 {[%emt 0:02:06]} 23. Rae1 {[%emt 0:04:59]} Ng6 {[%emt 0:00:30]} 24. Bxg6 {[%emt 0:04:00]} hxg6 {[%emt 0:00:18]} 25. Re7 {[%emt 0:10:27]} Qd5 {[%emt 0:00:24]} 26. R7e5 {[%emt 0:05:09]} Qc4 {[%emt 0:01:10]} 27. Rb1 {[%emt 0:00:41]} Ra6 {[%emt 0:00:40]} 28. Bf4 {[%emt 0:02:00]} Be6 {[%emt 0:02:53]} 29. Qe2 {[%emt 0:00:45]} Qxe2 {[%emt 0:01:51]} 30. Rxe2 {[%emt 0:00:07]} b5 {[%emt 0:00:11]} 31. Bd6 {[%emt 0:00:33]} Rd8 {[%emt 0:00:31]} 32. Bc5 {[%emt 0:00:07]} a4 {[%emt 0:04:51]} 1/2-1/2

[Event "30th Klatovy C 2024"]
[Site "Klatovy CZE"]
[Date "2024.07.01"]
[Round "3.10"]
[White "Malik, Zdenek"]
[Black "Ondrejat, Miroslav"]
[Result "0-1"]
[WhiteElo "1678"]
[BlackElo "1940"]
[PlyCount "32"]
[EventDate "2024.06.29"]
[EventType "swiss"]
[EventRounds "9"]
[EventCountry "CZE"]

1. e4 {[%emt 0:00:10]} c5 {[%emt 0:00:05]} 2. Nf3 {[%emt 0:00:33]} d6 {[%emt 0:00:30]} 3. d4 {[%emt 0:00:30]} cxd4 {[%emt 0:00:03]} 4. Qxd4 {[%emt 0:00:37]} Nc6 {[%emt 0:00:14]} 5. Bb5 {[%emt 0:00:26]} Bd7 {[%emt 0:00:04]} 6. Bxc6 {[%emt 0:00:53]} Bxc6 {[%emt 0:00:05]} 7. Bg5 {[%emt 0:00:27]} h6 {[%emt 0:00:44]} 8. Be3 {[%emt 0:02:08]} e5 {[%emt 0:03:47]} 9. Qd3 {[%emt 0:01:00]} f5 {[%emt 0:03:50]} 10. Nfd2 {[%emt 0:01:59]} f4 {[%emt 0:01:57]} 11. Bd4 exd4 12. Qxd4 {[%emt 0:01:41]} Qf6 {[%emt 0:01:18]} 13. Qxf6 {[%emt 0:01:33]} Nxf6 14. f3 {[%emt 0:00:30]} O-O-O {[%emt 0:05:15]} 15. Nc3 {[%emt 0:00:46]} d5 {[%emt 0:00:26]} 16. e5 {[%emt 0:01:20]} Re8 {[%emt 0:00:41]} 0-1

[Event "30th Klatovy C 2024"]
[Site "Klatovy CZE"]
[Date "2024.07.01"]
[Round "3.11"]
[White "Navratil, Jiri"]
[Black "Rezny, Frantisek"]
[Result "1-0"]
[WhiteElo "1935"]
[BlackElo "1687"]
[PlyCount "63"]
[EventDate "2024.06.29"]
[EventType "swiss"]
[EventRounds "9"]
[EventCountry "CZE"]

1. d4 d5 2. Nf3 Bg4 3. e3 Nf6 4. Be2 e6 5. h3 Bh5 6. Ne5 Bxe2 7. Qxe2 a6 8. O-O Nbd7 9. b3 Bd6 10. Bb2 O-O 11. Nd2 Ne4 12. Nxe4 dxe4 13. Nxd7 Qxd7 14. c4 b6 15. Rad1 Qe7 16. d5 exd5 17. Rxd5 c6 18. Qg4 g6 19. Rd2 f5 20. Qe2 Be5 21. Bxe5 Qxe5 22. Rfd1 Rf6 23. g3 Re8 24. Rd8 Rxd8 25. Rxd8+ Rf8 26. Qd2 Qf6 27. Rd6 Qg7 28. Rxc6 Qb7 29. Qd5+ Rf7 30. Qd8+ Kg7 31. Qxb6 Qxb6 32. Rxb6 1-0

[Event "30th Klatovy C 2024"]
[Site "Klatovy CZE"]
[Date "2024.07.01"]
[Round "3.12"]
[White "Novy, Jaroslav"]
[Black "Danek, Vaclav"]
[Result "1/2-1/2"]
[WhiteElo "1654"]
[BlackElo "1922"]
[PlyCount "65"]
[EventDate "2024.06.29"]
[EventType "swiss"]
[EventRounds "9"]
[EventCountry "CZE"]

1. e4 d6 2. d4 Nf6 3. Nc3 g6 4. f4 Bg7 5. Nf3 O-O 6. Bd3 Bg4 7. O-O c6 8. e5 Nd5 9. Nxd5 cxd5 10. c3 Qb6 11. Qb3 Qxb3 12. axb3 Bxf3 13. Rxf3 Rd8 14. Bd2 Nc6 15. Raf1 e6 16. h4 f5 17. Bc2 Bf8 18. Rg3 Kf7 19. Bd1 Bh6 20. Be3 Bf8 21. h5 Be7 22. hxg6+ hxg6 23. Rh3 Rh8 24. Rff3 dxe5 25. dxe5 Kg7 26. Rxh8 Rxh8 27. Rh3 Rxh3 28. gxh3 Kh6 29. Kg2 Bh4 30. Bf2 Be7 31. h4 Kg7 32. Kf3 a6 33. Ke3 1/2-1/2

[Event "30th Klatovy C 2024"]
[Site "Klatovy CZE"]
[Date "2024.07.01"]
[Round "3.13"]
[White "Zidu, Jan"]
[Black "Svec, Ludek"]
[Result "1-0"]
[WhiteElo "1905"]
[BlackElo "1764"]
[PlyCount "65"]
[EventDate "2024.06.29"]
[EventType "swiss"]
[EventRounds "9"]
[EventCountry "CZE"]

1. e4 c5 2. Nf3 e6 3. d4 cxd4 4. Nxd4 Nf6 5. Nc3 Nc6 6. Nxc6 dxc6 7. Qxd8+ Kxd8 8. Bf4 Ke8 9. a3 b5 10. Bd3 a6 11. O-O Nd7 12. e5 Nc5 13. Be2 Bd7 14. Be3 Be7 15. b4 Nb7 16. Ne4 h5 17. c4 f5 18. Nc3 Kf7 19. c5 Kg6 20. Rfd1 Rhd8 21. a4 Be8 22. Rxd8 Rxd8 23. axb5 axb5 24. Ra7 Rd7 25. Ra8 Rd8 26. Ra6 Bg5 27. f4 Be7 28. Kf2 Bh4+ 29. g3 Be7 30. Bf3 Bxc5 31. bxc5 Nxc5 32. Bxc5 Rd3 33. Ne2 1-0

[Event "30th Klatovy C 2024"]
[Site "Klatovy CZE"]
[Date "2024.07.01"]
[Round "3.14"]
[White "Danko, Jiri"]
[Black "Rychtecky, Pavel"]
[Result "1/2-1/2"]
[WhiteElo "1954"]
[BlackElo "1719"]
[PlyCount "105"]
[EventDate "2024.06.29"]
[EventType "swiss"]
[EventRounds "9"]
[EventCountry "CZE"]

1. e4 c5 2. Nf3 e6 3. d4 cxd4 4. Nxd4 Nf6 5. Bd3 Nc6 6. Nxc6 bxc6 7. O-O d5 8. Nc3 Bd6 9. Qe2 e5 10. Bg5 d4 11. Nb1 h6 12. Bh4 g5 13. Bg3 O-O 14. Nd2 Bg4 15. f3 Be6 16. Bf2 Qd7 17. Nc4 Nh5 18. g3 Bc7 19. Be1 f6 20. Kh1 Kh7 21. Rg1 Rg8 22. Bd2 Rg6 23. b3 Rb8 24. Nb2 Rgg8 25. Nd1 Bb6 26. Nf2 Rbd8 27. Raf1 Qf7 28. a4 Bc7 29. Ng4 Rg6 30. Nf2 Rgg8 31. Nd1 Qd7 32. Nb2 Ng7 33. Bc4 Bb6 34. Qd3 Rgf8 35. f4 exf4 36. gxf4 Bxc4 37. Nxc4 Bc7 38. fxg5 fxg5 39. Bb4 Rxf1 40. Rxf1 Qe6 41. Bc5 Re8 42. e5+ Kg8 43. Qxd4 Bxe5 44. Nxe5 Qxe5 45. Rf8+ Kh7 46. Rxe8 Qxe8 47. Bxa7 Qe1+ 48. Kg2 Qe2+ 49. Qf2 Qg4+ 50. Kh1 Qd1+ 51. Kg2 Qd5+ 52. Kf1 Qd1+ 53. Kg2 1/2-1/2

[Event "30th Klatovy C 2024"]
[Site "Klatovy CZE"]
[Date "2024.07.01"]
[Round "3.15"]
[White "Tomecek, Marian"]
[Black "Cecil, Pavel"]
[Result "0-1"]
[WhiteElo "1588"]
[BlackElo "1896"]
[PlyCount "112"]
[EventDate "2024.06.29"]
[EventType "swiss"]
[EventRounds "9"]
[EventCountry "CZE"]

1. e4 e6 2. d4 d5 3. e5 c5 4. c3 Qb6 5. Nf3 Bd7 6. Be2 cxd4 7. Nxd4 Nc6 8. O-O Nxe5 9. b4 a6 10. Be3 Qc7 11. Nf3 Bd6 12. Bd4 Ne7 13. Nbd2 O-O 14. Rc1 N7c6 15. a3 Nxf3+ 16. Nxf3 e5 17. Be3 Be6 18. g3 h6 19. Qd2 Kh7 20. Qc2+ f5 21. Nh4 e4 22. Bh5 Ne5 23. Bd4 g5 24. Bxe5 gxh4 25. Bxd6 Qxd6 26. Kg2 h3+ 27. Kxh3 f4+ 28. Kg2 f3+ 29. Kh1 Bh3 30. Rg1 Bg2+ 31. Rxg2 fxg2+ 32. Kxg2 Qe5 33. Be2 b5 34. a4 Qf5 35. Rf1 Rab8 36. a5 Rbc8 37. Qd2 Rc7 38. h3 Rf6 39. Qe3 Qe5 40. Rc1 Rfc6 41. Bg4 Rxc3 42. Rxc3 Qxc3 43. Qf4 Kg7 44. Qd6 Rf7 45. Qxd5 e3 46. f4 Qd2+ 47. Qxd2 exd2 48. Bf3 Re7 49. g4 Re1 50. h4 d1=Q 51. Bxd1 Rxd1 52. g5 Rd4 53. Kf3 Rxb4 54. f5 hxg5 55. hxg5 Ra4 56. Kg3 b4 0-1

[Event "30th Klatovy C 2024"]
[Site "Klatovy CZE"]
[Date "2024.07.01"]
[Round "3.16"]
[White "Hanzlik, Jiri"]
[Black "Truksa, Vaclav"]
[Result "0-1"]
[WhiteElo "1712"]
[BlackElo "1818"]
[PlyCount "110"]
[EventDate "2024.06.29"]
[EventType "swiss"]
[EventRounds "9"]
[EventCountry "CZE"]

1. b4 d5 2. e3 Nf6 3. Nf3 g6 4. Bb2 Bg7 5. d4 O-O 6. Be2 a5 7. b5 c6 8. Ba3 Re8 9. O-O Bg4 10. Ne5 Bxe2 11. Qxe2 Nfd7 12. Nxd7 Qxd7 13. b6 e5 14. c3 exd4 15. cxd4 Bxd4 16. Bb2 c5 17. Bxd4 cxd4 18. Qd3 dxe3 19. fxe3 Qe6 20. Re1 Nc6 21. Nc3 Nb4 22. Qe2 d4 23. exd4 Qxe2 24. Rxe2 Rxe2 25. Nxe2 Nd5 26. Rb1 Ra6 27. Rb5 Ne7 28. d5 Nc8 29. Nd4 Nd6 30. Rb2 Kf8 31. Kf2 Ra8 32. Nb5 Nxb5 33. Rxb5 Ke7 34. Ke3 Kd6 35. Kd4 f5 36. Rb3 Re8 37. Rb5 Re4+ 38. Kd3 Ra4 39. Rb2 Kxd5 40. Ke3 Rb4 41. Rd2+ Ke6 42. Rd4 Rxb6 43. g4 fxg4 44. Rxg4 Rb2 45. Re4+ Kf6 46. Rf4+ Kg5 47. h4+ Kh6 48. Ra4 b6 49. Kd4 Rb4+ 50. Rxb4 axb4 51. Kc4 Kh5 52. Kxb4 Kxh4 53. a4 g5 54. Kb5 g4 55. Kxb6 g3 0-1

[Event "30th Klatovy C 2024"]
[Site "Klatovy CZE"]
[Date "2024.07.01"]
[Round "3.18"]
[White "Navratilova, Alena"]
[Black "Stross, Frantisek 1952"]
[Result "1-0"]
[WhiteElo "1729"]
[BlackElo "1674"]
[PlyCount "115"]
[EventDate "2024.06.29"]
[EventType "swiss"]
[EventRounds "9"]
[EventCountry "CZE"]

1. Nf3 Nf6 2. d4 d5 3. g3 Bf5 4. Bg2 e6 5. O-O Nbd7 6. Nbd2 c5 7. c3 b5 8. Re1 Be7 9. Nf1 O-O 10. Ne3 Bg6 11. Nd2 h6 12. h3 Nh7 13. Ng4 f5 14. Nh2 c4 15. Ndf3 Nhf6 16. Bf4 Ne4 17. Qc1 Bh7 18. h4 b4 19. Rb1 bxc3 20. bxc3 Qa5 21. Rb7 Ba3 22. Qe3 Nb6 23. Bxh6 Rf7 24. Rxf7 Kxf7 25. Ng5+ Nxg5 26. Bxg5 Na4 27. Nf3 Bd6 28. Rc1 Re8 29. Bf4 Bxf4 30. gxf4 Nb6 31. Ng5+ Kg8 32. Qf3 g6 33. h5 Re7 34. Qh3 Qxa2 35. hxg6 Bxg6 36. Qh6 Be8 37. Bf3 Qd2 38. Rf1 Qxf4 39. e3 Qd6 40. Kg2 Rg7 41. Rh1 Kf8 42. Qh8+ Ke7 43. Qxg7+ Kd8 44. Qf6+ Qe7 45. Qxe7+ Kxe7 46. Rh7+ Kf6 47. Nh3 a5 48. Ra7 Na4 49. Rxa5 Nxc3 50. Ra6 Ke7 51. Nf4 Nb5 52. Rxe6+ Kd7 53. Rb6 Kd8 54. Rb8+ Ke7 55. Nxd5+ Kf7 56. Bh5+ Ke6 57. Rxe8+ Kxd5 58. Bf7+ 1-0

[Event "30th Klatovy C 2024"]
[Site "Klatovy CZE"]
[Date "2024.07.01"]
[Round "3.19"]
[White "Vavrinek, Tomas"]
[Black "Zimmermann, Ladislav"]
[Result "1-0"]
[WhiteElo "1827"]
[BlackElo "1581"]
[PlyCount "65"]
[EventDate "2024.06.29"]
[EventType "swiss"]
[EventRounds "9"]
[EventCountry "CZE"]

1. d4 Nf6 2. Nf3 g6 3. c4 Bg7 4. Nc3 d5 5. Bf4 Be6 6. cxd5 Nxd5 7. Bg3 Nxc3 8. bxc3 Bc4 9. Qa4+ b5 10. Qc2 O-O 11. Ne5 Bxe5 12. Bxe5 f6 13. Bg3 c6 14. e4 Bxf1 15. Kxf1 Nd7 16. h4 e5 17. h5 g5 18. Rd1 Qc7 19. Qd2 Rad8 20. f3 Rfe8 21. Kf2 Nb6 22. Qc1 Nc4 23. Rd3 h6 24. Rhd1 Kf7 25. Qc2 a5 26. Kg1 a4 27. d5 Qb6+ 28. Bf2 Qc7 29. dxc6 Qxc6 30. Rxd8 Qe6 31. Rxe8 Qxe8 32. Qd3 Nb2 33. Qd7+ 1-0

[Event "30th Klatovy C 2024"]
[Site "Klatovy CZE"]
[Date "2024.07.01"]
[Round "3.20"]
[White "Ruzickova, Helena"]
[Black "Stanke, Vilem"]
[Result "0-1"]
[WhiteElo "1651"]
[BlackElo "1572"]
[PlyCount "28"]
[EventDate "2024.06.29"]
[EventType "swiss"]
[EventRounds "9"]
[EventCountry "CZE"]

1. e4 e5 2. Nc3 Nf6 3. Nf3 Nc6 4. Bc4 Bc5 5. O-O d6 6. d3 Nd4 7. Bg5 Bg4 8. h3 Nxf3+ 9. Kh1 Nxg5 10. hxg4 Qd7 11. f3 h5 12. g3 hxg4+ 13. Kg2 gxf3+ 14. Qxf3 Qh3# 0-1

[Event "30th Klatovy C 2024"]
[Site "Klatovy CZE"]
[Date "2024.07.04"]
[Round "6.12"]
[White "Svec, Ludek"]
[Black "Novy, Jaroslav"]
[Result "1/2-1/2"]
[WhiteElo "1764"]
[BlackElo "1654"]
[PlyCount "68"]
[EventDate "2024.06.29"]
[EventType "swiss"]
[EventRounds "9"]
[EventCountry "CZE"]

1. d4 d5 2. Nf3 Nf6 3. g3 e6 4. Bg2 Nbd7 5. O-O c5 6. e3 Be7 7. Nbd2 b6 8. c4 Bb7 9. cxd5 exd5 10. b3 Ne4 11. Bb2 Bf6 12. Re1 O-O 13. Nxe4 dxe4 14. Nd2 Re8 15. Nc4 Qe7 16. Rc1 Rad8 17. Qc2 Qe6 18. Rcd1 Bd5 19. Nd2 b5 20. Bf1 a6 21. Nb1 Rc8 22. Qd2 c4 23. b4 Nb6 24. Nc3 Bb7 25. Bg2 Rcd8 26. a3 Bd5 27. Qe2 g6 28. Qf1 Bg7 29. Bh3 f5 30. Qe2 Bc6 31. Ra1 Nd5 32. Nd1 Ra8 33. Nc3 Bf8 34. Nxd5 Bxd5 1/2-1/2

[Event "30th Klatovy C 2024"]
[Site "Klatovy CZE"]
[Date "2024.07.04"]
[Round "6.13"]
[White "Danek, Vaclav"]
[Black "Kriha, Pavel"]
[Result "0-1"]
[WhiteElo "1922"]
[BlackElo "1877"]
[PlyCount "110"]
[EventDate "2024.06.29"]
[EventType "swiss"]
[EventRounds "9"]
[EventCountry "CZE"]

1. e4 c6 2. d4 d5 3. e5 Bf5 4. Bd3 Bxd3 5. cxd3 e6 6. Nf3 c5 7. dxc5 Bxc5 8. d4 Bb6 9. O-O Nc6 10. Nc3 a6 11. Bg5 Nge7 12. a3 h6 13. Be3 Nf5 14. b4 O-O 15. Na4 Rc8 16. Qd2 Ba7 17. Rfc1 Qe7 18. Nc5 Nb8 19. Rc3 Rc7 20. Rac1 Rfc8 21. Nb3 b6 22. Qd3 Nxe3 23. fxe3 Rxc3 24. Rxc3 Rxc3 25. Qxc3 Qd7 26. Nfd2 Qc6 27. Nb1 Qxc3 28. Nxc3 f6 29. exf6 gxf6 30. Kf2 Nd7 31. Kf3 Kf7 32. e4 dxe4+ 33. Kxe4 f5+ 34. Kd3 Bb8 35. h3 Kf6 36. b5 a5 37. Nd2 Bd6 38. Nc4 Be7 39. Ke3 Bd8 40. Ne2 Bc7 41. Nc1 e5 42. dxe5+ Nxe5 43. Kd4 Nxc4 44. Kxc4 Ke5 45. Kd3 Kd5 46. g4 fxg4 47. hxg4 Kc5 48. a4 Kb4 49. Ne2 Be5 50. Nc1 Kxa4 51. Kc4 Ka3 52. Nd3 Bh8 53. Nf4 a4 54. Nd5 Kb2 55. Nxb6 a3 0-1

[Event "30th Klatovy C 2024"]
[Site "Klatovy CZE"]
[Date "2024.07.04"]
[Round "6.14"]
[White "Cecil, Pavel"]
[Black "Rychtecky, Pavel"]
[Result "1-0"]
[WhiteElo "1896"]
[BlackElo "1719"]
[PlyCount "111"]
[EventDate "2024.06.29"]
[EventType "swiss"]
[EventRounds "9"]
[EventCountry "CZE"]

1. d4 Nf6 2. c4 e6 3. Bg5 Be7 4. e3 O-O 5. Nf3 b6 6. Bd3 Bb7 7. O-O d6 8. Nbd2 Nbd7 9. Rc1 c5 10. Bb1 Rc8 11. e4 cxd4 12. Nxd4 a6 13. f4 h6 14. Bh4 g6 15. f5 e5 16. Ne2 g5 17. Bf2 Ng4 18. Nc3 Nxf2 19. Kxf2 Nf6 20. Nd5 Bxd5 21. cxd5 Rxc1 22. Qxc1 Qc8 23. h3 Qc5+ 24. Qxc5 dxc5 25. Kf3 b5 26. Nb3 Rc8 27. Rc1 Nd7 28. Na5 Nb8 29. Nb7 Rc7 30. d6 Rxb7 31. dxe7 Rxe7 32. Rxc5 Kg7 33. Bc2 h5 34. Bb3 Kf6 35. Rc8 Nd7 36. Rc6+ Kg7 37. Rxa6 f6 38. Ra7 Kf8 39. Rb7 Nc5 40. Rxb5 Nd3 41. Bc4 Ne1+ 42. Kf2 Nc2 43. Rb8+ Kg7 44. Rg8+ Kh7 45. Rg6 Rc7 46. Bd5 Nd4 47. Rxf6 Rc2+ 48. Ke3 Rxg2 49. Rf7+ Kh6 50. Rb7 Rg3+ 51. Kd2 Rxh3 52. Rb6+ Kg7 53. f6+ Kh7 54. f7 Rf3 55. Rb8 Rf4 56. Kd3 1-0

[Event "30th Klatovy C 2024"]
[Site "Klatovy CZE"]
[Date "2024.07.04"]
[Round "6.15"]
[White "Truksa, Vaclav"]
[Black "Nussbauer, Ladislav"]
[Result "1-0"]
[WhiteElo "1818"]
[BlackElo "1652"]
[PlyCount "77"]
[EventDate "2024.06.29"]
[EventType "swiss"]
[EventRounds "9"]
[EventCountry "CZE"]

1. d4 Nf6 2. Bf4 e6 3. e3 d5 4. Bd3 c5 5. c3 Nc6 6. Nf3 cxd4 7. exd4 Bd6 8. Ne5 O-O 9. Nd2 Qc7 10. Qe2 Nd7 11. Ndf3 Ndxe5 12. dxe5 Bc5 13. Rc1 Qe7 14. O-O Bd7 15. Bxh7+ Kxh7 16. Ng5+ Kg6 17. Qd3+ f5 18. exf6+ Kxf6 19. Nh7+ Kf7 20. Nxf8 Rxf8 21. b4 Bd6 22. Bxd6 Qxd6 23. Qf3+ Ke7 24. Qh5 Qf4 25. g3 Qf6 26. f4 Kd6 27. Qe2 Rc8 28. Rfd1 Ne7 29. c4 a6 30. Qf2 Rc6 31. a4 Kc7 32. c5 e5 33. b5 Re6 34. c6 bxc6 35. bxa6 Bc8 36. a7 Bb7 37. a5 Qf8 38. Qb6+ Kc8 39. a6 1-0

[Event "30th Klatovy C 2024"]
[Site "Klatovy CZE"]
[Date "2024.07.04"]
[Round "6.16"]
[White "Rezny, Frantisek"]
[Black "Novotny, Jaromir"]
[Result "0-1"]
[WhiteElo "1687"]
[BlackElo "1788"]
[PlyCount "90"]
[EventDate "2024.06.29"]
[EventType "swiss"]
[EventRounds "9"]
[EventCountry "CZE"]

1. e4 e5 2. f4 exf4 3. Nf3 g5 4. Bc4 d6 5. O-O Be6 6. Qe2 c6 7. d4 h6 8. d5 Bg4 9. Bd2 Bg7 10. Bc3 Bxc3 11. Nxc3 Qb6+ 12. Kh1 Nd7 13. b3 Ne5 14. Rad1 c5 15. Bb5+ Kf8 16. h3 Bxf3 17. gxf3 Ne7 18. a3 Qc7 19. Qg2 N7g6 20. Be2 a6 21. a4 Qd7 22. Kg1 Nh4 23. Qh1 f5 24. exf5 Nxf5 25. Rd2 Ng3 26. Qg2 Nxf1 27. Qxf1 Qe7 28. Ne4 Nd7 29. Bd3 Nf6 30. Re2 Nxe4 31. Rxe4 Qf6 32. Qe1 Qf7 33. Re6 Re8 34. Rxe8+ Qxe8 35. Qc3 Qe5 36. Qa5 Qe7 37. Qc3 Rg8 38. Kf2 Rg7 39. Be4 h5 40. Bf5 Qe5 41. Qd3 Qd4+ 42. Qxd4 cxd4 43. Ke2 Rc7 44. Kd3 Rc3+ 45. Kxd4 Rxf3 0-1

[Event "30th Klatovy C 2024"]
[Site "Klatovy CZE"]
[Date "2024.07.04"]
[Round "6.17"]
[White "Novy, Jan"]
[Black "Hanzlik, Jiri"]
[Result "0-1"]
[WhiteElo "1599"]
[BlackElo "1712"]
[PlyCount "36"]
[EventDate "2024.06.29"]
[EventType "swiss"]
[EventRounds "9"]
[EventCountry "CZE"]

1. Nf3 d5 2. b3 Nf6 3. Bb2 e6 4. e3 Be7 5. Bb5+ Bd7 6. Bxd7+ Nbxd7 7. O-O Nc5 8. d3 O-O 9. Ne5 Bd6 10. f4 Nfd7 11. Rf3 f6 12. Rh3 fxe5 13. Qh5 h6 14. fxe5 Be7 15. Rg3 Bh4 16. Rg4 Bf2+ 17. Kh1 Bxe3 18. Qg6 Rf1# 0-1

[Event "30th Klatovy C 2024"]
[Site "Klatovy CZE"]
[Date "2024.07.04"]
[Round "6.18"]
[White "Stross, Frantisek 1952"]
[Black "Tomecek, Marian"]
[Result "0-1"]
[WhiteElo "1674"]
[BlackElo "1588"]
[PlyCount "24"]
[EventDate "2024.06.29"]
[EventType "swiss"]
[EventRounds "9"]
[EventCountry "CZE"]

1. e4 c5 2. Bc4 Nc6 3. f4 e5 4. f5 Qh4+ 5. g3 Qxe4+ 6. Qe2 Qxh1 7. Qe3 Qxh2 8. Nc3 a6 9. Nd5 Bd6 10. c3 Nf6 11. Nb6 Ng4 12. Nf3 Qxg3+ 0-1

[Event "30th Klatovy C 2024"]
[Site "Klatovy CZE"]
[Date "2024.07.04"]
[Round "6.19"]
[White "Stanke, Vilem"]
[Black "Zimmermann, Ladislav"]
[Result "1-0"]
[WhiteElo "1572"]
[BlackElo "1581"]
[PlyCount "35"]
[EventDate "2024.06.29"]
[EventType "swiss"]
[EventRounds "9"]
[EventCountry "CZE"]

1. e4 e5 2. Nf3 d6 3. Bc4 Ne7 4. Nc3 h6 5. d4 f5 6. dxe5 dxe5 7. Qxd8+ Kxd8 8. Nxe5 fxe4 9. Nf7+ Ke8 10. Nxh8 Bf5 11. O-O Bg6 12. Nxg6 Nxg6 13. Nxe4 Ne5 14. Bb3 Nbc6 15. Ba4 Be7 16. Bf4 Kf7 17. Bxc6 Nxc6 18. Bxc7 1-0

[Event "30th Klatovy C 2024"]
[Site "Klatovy CZE"]
[Date "2024.07.04"]
[Round "6.20"]
[White "Ruzickova, Helena"]
[Black "Malik, Zdenek"]
[Result "0-1"]
[WhiteElo "1651"]
[BlackElo "1678"]
[PlyCount "130"]
[EventDate "2024.06.29"]
[EventType "swiss"]
[EventRounds "9"]
[EventCountry "CZE"]

1. e4 c5 2. Nc3 d6 3. Nf3 e6 4. d4 cxd4 5. Nxd4 a6 6. Bc4 Nf6 7. Qf3 Nbd7 8. Qe2 Be7 9. O-O O-O 10. f4 Qc7 11. Bd3 Re8 12. Nf3 b5 13. Kh1 Bb7 14. Ng5 h6 15. Nh3 Nc5 16. e5 dxe5 17. fxe5 Nxd3 18. cxd3 Nd5 19. Bd2 Bf8 20. d4 Ne7 21. Rf2 Rad8 22. Be3 Ng6 23. Raf1 Rd7 24. Qg4 Qd8 25. Nf4 Qh4 26. Qxh4 Nxh4 27. Kg1 Nf5 28. Re1 Nxe3 29. Rxe3 Rxd4 30. h3 Rxf4 31. Rxf4 Bc5 32. Kf2 Bxe3+ 33. Kxe3 Bxg2 34. h4 Rd8 35. b3 b4 36. Rxb4 Rd7 37. Rc4 Bf1 38. Rc5 Kf8 39. Rc8+ Ke7 40. Rh8 Rd3+ 41. Kf2 Rxc3 42. Kxf1 Rc1+ 43. Ke2 Rc2+ 44. Kd3 Rxa2 45. Rb8 f6 46. Rb7+ Kf8 47. exf6 gxf6 48. Rh7 Kg8 49. Ra7 a5 50. Kc4 Rh2 51. Rxa5 Rxh4+ 52. Kc3 Kf7 53. b4 e5 54. b5 Rd4 55. Ra6 Rd1 56. Kb4 e4 57. b6 e3 58. Ra2 Rd2 59. Ra1 e2 60. Re1 f5 61. Kc5 f4 62. Kc6 f3 63. b7 Rb2 64. Kc7 Rxb7+ 65. Kxb7 f2 0-1

[Event "30th Klatovy C 2024"]
[Site "Klatovy CZE"]
[Date "2024.07.05"]
[Round "7.11"]
[White "Pokora, Lubomir"]
[Black "Truksa, Vaclav"]
[Result "1/2-1/2"]
[WhiteElo "1857"]
[BlackElo "1818"]
[PlyCount "25"]
[EventDate "2024.06.29"]
[EventType "swiss"]
[EventRounds "9"]
[EventCountry "CZE"]

1. e4 c5 2. Nf3 d6 3. c3 Nf6 4. h3 Nc6 5. Bd3 g6 6. Bc2 Bg7 7. d4 O-O 8. O-O e6 9. Qe2 Qe7 10. dxc5 dxc5 11. Bd3 b6 12. Rd1 Bb7 13. Nbd2 1/2-1/2

[Event "30th Klatovy C 2024"]
[Site "Klatovy CZE"]
[Date "2024.07.05"]
[Round "7.12"]
[White "Havelka, Petr"]
[Black "Svec, Ludek"]
[Result "1-0"]
[WhiteElo "1851"]
[BlackElo "1764"]
[PlyCount "105"]
[EventDate "2024.06.29"]
[EventType "swiss"]
[EventRounds "9"]
[EventCountry "CZE"]

1. d4 Nf6 2. c4 e6 3. Nc3 d5 4. Bg5 Nbd7 5. e3 c6 6. a3 Be7 7. Bd3 O-O 8. Nf3 h6 9. Bh4 Re8 10. O-O dxc4 11. Bxc4 b5 12. Be2 Bb7 13. Rc1 a6 14. Qc2 Rc8 15. Rfd1 Qb6 16. b4 a5 17. Qb2 axb4 18. axb4 Ra8 19. Ra1 Rec8 20. Ne5 Bf8 21. Nxd7 Nxd7 22. Ne4 Ra4 23. Nc5 Nxc5 24. bxc5 Qa7 25. Rxa4 bxa4 26. Ra1 Ra8 27. Ra3 e5 28. f3 Bc8 29. Qb4 exd4 30. exd4 Be6 31. Bd1 Qb8 32. Qc3 Qb1 33. Ra1 Qb5 34. Bc2 f5 35. Be1 Be7 36. Rb1 Qa6 37. Rb6 Qc8 38. Qa3 Bc4 39. Bf2 Bb5 40. Bd3 Bd8 41. Bxb5 Bxb6 42. Bc4+ Kh8 43. cxb6 Qd8 44. b7 Ra7 45. g3 Qb8 46. d5 Rxb7 47. Qxa4 cxd5 48. Bxd5 Rb1+ 49. Kg2 Qd8 50. Qa8 Rb8 51. Qc6 Rb1 52. Bd4 Rd1 53. Qxh6# 1-0

[Event "30th Klatovy C 2024"]
[Site "Klatovy CZE"]
[Date "2024.07.05"]
[Round "7.13"]
[White "Navratilova, Alena"]
[Black "Macho, Miloslav"]
[Result "1/2-1/2"]
[WhiteElo "1729"]
[BlackElo "1845"]
[PlyCount "101"]
[EventDate "2024.06.29"]
[EventType "swiss"]
[EventRounds "9"]
[EventCountry "CZE"]

1. Nf3 Nf6 2. d4 e6 3. g3 d5 4. Bg2 Nbd7 5. O-O Bd6 6. Nbd2 c6 7. c4 O-O 8. a3 a5 9. b3 Re8 10. Bb2 Bf8 11. Qc2 Rb8 12. e3 g6 13. Rfe1 Bg7 14. h3 b6 15. b4 Bb7 16. Rec1 Qe7 17. Bc3 dxc4 18. Nxc4 axb4 19. axb4 Nd5 20. Qb2 Nxc3 21. Rxc3 c5 22. bxc5 bxc5 23. Rb3 Bxf3 24. Bxf3 Rxb3 25. Qxb3 cxd4 26. Ra7 Qf6 27. Qd1 Ne5 28. Nxe5 Qxe5 29. Qxd4 Qxd4 30. exd4 Bxd4 31. Ra8 Rxa8 32. Bxa8 Kg7 33. Kg2 Kf6 34. g4 Kg5 35. f3 h6 36. Bc6 Be3 37. Be8 f5 38. Bd7 e5 39. Bc6 h5 40. Bd7 h4 41. Be8 Bd4 42. Bf7 Kf6 43. Be8 Kg5 44. Bf7 e4 45. gxf5 gxf5 46. fxe4 fxe4 47. Be6 Kf4 48. Kf1 Ke3 49. Bf5 Be5 50. Bg4 Bg3 51. Be2 1/2-1/2

[Event "30th Klatovy C 2024"]
[Site "Klatovy CZE"]
[Date "2024.07.05"]
[Round "7.14"]
[White "Novy, Jaroslav"]
[Black "Tomecek, Marian"]
[Result "1-0"]
[WhiteElo "1654"]
[BlackElo "1588"]
[PlyCount "83"]
[EventDate "2024.06.29"]
[EventType "swiss"]
[EventRounds "9"]
[EventCountry "CZE"]

1. e4 c5 2. c3 e5 3. Nf3 Nf6 4. Qa4 Nc6 5. Bb5 Be7 6. O-O O-O 7. d3 a6 8. Bxc6 dxc6 9. Qc2 Qc7 10. Be3 Ng4 11. Nbd2 Nxe3 12. fxe3 b5 13. b3 Qd6 14. a4 Qe6 15. axb5 cxb5 16. d4 exd4 17. exd4 cxd4 18. cxd4 Qg6 19. Kh1 Bf6 20. Qc6 Rb8 21. Qd6 Bb7 22. Qg3 Qxg3 23. hxg3 Rbd8 24. e5 Be7 25. Rac1 Bb4 26. Rfd1 a5 27. Nb1 Bd5 28. Nbd2 a4 29. bxa4 bxa4 30. Nc4 f6 31. Nb6 Bb3 32. Rd3 Rf7 33. e6 Bxe6 34. Nxa4 Bd6 35. Nc5 Bf5 36. Rdc3 Bxg3 37. Ng5 Ra7 38. Nge6 Bxe6 39. Nxe6 Re8 40. Rxg3 Kf7 41. d5 h6 42. Rxg7# 1-0